[Event "Brasilia-ch op"]
[Site "Brasilia"]
[Date "2015.11.01"]
[Round "5"]
[White "Rodrigues, Joao Batista"]
[Black "Souza, Lucas Lourenco Sant"]
[Result "1-0"]
[WhiteElo "1772"]
[BlackElo "1800"]
[PlyCount "69"]
[EventDate "2015.10.30"]
[EventType "swiss"]
[EventRounds "7"]
[EventCountry "BRA"]
[SourceTitle "CBM 169 Extra"]
[Source "ChessBase"]
[SourceDate "2015.12.18"]
[SourceVersion "1"]
[SourceVersionDate "2015.12.18"]
[SourceQuality "1"]

1. e4 e5 2. Nf3 Nc6 3. Bb5 a6 4. Ba4 Nf6 5. 0-0 Bc5 6. d3 b5 7. Bb3 d6 8. h3 h6 9. c3 0-0 10. Re1 Re8 11. Nbd2 Rb8 12. Nf1 d5 13. exd5 Nxd5 14. N3h2 Nce7 15. Rxe5 Qd6 16. d4 Bxh3 17. gxh3 Qg6+ 18. Qg4 Qd6 19. Bxd5 Nxd5 20. Rxe8+ Rxe8 21. dxc5 Qxc5 22. Bxh6 g6 23. Be3 Qc6 24. Qg2 Qe6 25. Ng4 Ne7 26. Re1 Nf5 27. Bd2 Qxa2 28. Nf6+ Kg7 29. Nxe8+ Kh8 30. Qe4 Qxb2 31. Bg5 Kh7 32. Ng3 Nxg3 33. fxg3 Qxc3 34. Qh4+ Kg8 35. Nf6+ 1-0